000 00740nam a2200217Ia 4500
001 15292
003 GE_BSU
008 181216s||||||||xx |||||||||||||| ||und||
040 _cGE_BSU
080 _a821.353.1-1+821.353.1-11
100 _aშანშიაშვილი,სანდრო
245 _aერთტომეული. ლექსები, პოემები
245 _cრედ.ა.ადამია მხატვ. დ.დუნდუა
260 _aთბილისი
260 _bმერანი
260 _c1969
300 _a368გვ.20სმ.
300 _e1ფ.პორტრ.
653 _aერთტომეული. ლექსები, პოემები
942 _cBK
999 _c48401
_d48401